The contemporary world / Fritzie B. Salado [and five others]. (Record no. 21561)

000 -LEADER
fixed length control field 00529nam a22001697a 4500
020 ## - INTERNATIONAL STANDARD BOOK NUMBER
ISBN 9786210800548
082 ## - DEWEY DECIMAL CLASSIFICATION NUMBER
Classification number 361
Item number Sa1595 2024
100 ## - MAIN ENTRY--AUTHOR NAME
Personal name Salado, Fritzie B. author.
245 ## - TITLE STATEMENT
Title The contemporary world / Fritzie B. Salado [and five others].
260 ## - PUBLICATION, DISTRIBUTION, ETC. (IMPRINT)
Place of publication Malabon City :
Name of publisher Mutya Publishing House, Inc.,
Year of publication ©2024.
300 ## - PHYSICAL DESCRIPTION
Number of Pages 199 pages :
Other physical details illustrations ; 25 cm.
500 ## - GENERAL NOTE
General note Includes bibliographical references.
650 ## - SUBJECT ADDED ENTRY--TOPICAL TERM
Topical Term Globalization.
650 ## - SUBJECT ADDED ENTRY--TOPICAL TERM
Topical Term World economics.
650 ## - SUBJECT ADDED ENTRY--TOPICAL TERM
Topical Term Social issues.
942 ## - ADDED ENTRY ELEMENTS (KOHA)
Koha item type Books
Holdings
Source of acquisition Permanent Location Date acquired Koha item type Collection code Accession Number Lost status Shelving location Withdrawn status Current Location Full call number
SchoolCagayan State University - Carig Library2025-12-03BooksSocial Sciences011241 General Collection Cagayan State University - Carig Library361 Sa1595 2024
SchoolCagayan State University - Carig Library2025-12-03BooksSocial Sciences011242 General Collection Cagayan State University - Carig Library361 Sa1595 2024
SchoolCagayan State University - Carig Library2025-12-03BooksSocial Sciences011243 General Collection Cagayan State University - Carig Library361 Sa1595 2024

Cagayan State University University Library, Carig Campus
Tuguegarao City, Cagayan 3500 | www.csucarig.edu.ph

Powered by Koha